000 00394cam a2200145ua 4500
041 _aeng
_h
082 _a821
_bWOR/WO
100 _aWordsworth, William.
245 _aWordsworth and Coleridge lyrical ballads, 1798 /
_cWilliam Wordsworth.
_hTextual Documents
260 _aLondon :
_bOxford University Press ,
_c1959.
300 _a252 ; .
504 _a
942 _cBK
999 _c6108
_d6108